Statistiken für Länder, die Slowenien am nächsten sind

Klicken Sie hier um das Quiz zu spielen!

Allgemein

  • Dieses Quiz wurde 108 mal gespielt
  • Das Durchschnittsergebnis liegt bei 18 aus 20

Antwortstatistiken

kmLand% Korrekt
0Kroatien
100%
0Österreich
100%
118Deutschland
99%
185Serbien
99%
142Slowakei
98%
0Ungarn
98%
0Italien
97%
217Tschechien
97%
45Bosnien und
Herzegowina
95%
224Schweiz
95%
467Albanien
93%
357Montenegro
92%
478Kosovo
90%
299Liechtenstein
88%
186San Marino
87%
283Rumänien
85%
345Polen
83%
406Vatikanstadt
80%
463Frankreich
74%
468Ukraine
72%

Verteilung der Resultate

Perzentil nach korrekt beantworteten Fragen

Anzahl Personen mit jedem Resultat

Ihre Resultats-Entwicklung

Sie haben dieses Quiz noch nicht gespielt